Pervyj čechoslovakij pjatiletnij plan

Gespeichert in:
Bibliographische Detailangaben
Format: Buch
Sprache:Tschechisch
Veröffentlicht: Praha MIO 1950
Tags: Tag hinzufügen
Keine Tags, Fügen Sie das erste Tag hinzu!

MARC

LEADER 00000nam a2200000 4500
001 0308316
005 20250428122249.3
041 0 |a cze 
044 |a CZ 
245 1 0 |a Pervyj čechoslovakij pjatiletnij plan 
264 1 |a Praha  |b MIO  |c 1950